[Event "Niederrhein-ch "]
[Site "Krefeld"]
[Date "2012.04.02"]
[Round "3"]
[White "Visser, Dirk"]
[Black "Krueger, Norbert"]
[Result "1/2-1/2"]
[WhiteElo "2047"]
[BlackElo "2042"]
[PlyCount "65"]
[EventDate "2012.03.31"]
[EventType "swiss"]
[EventRounds "7"]
[EventCountry "GER"]
[SourceTitle "EXT 2014"]
[Source "ChessBase"]
[SourceDate "2013.11.20"]
[SourceVersion "1"]
[SourceVersionDate "2013.11.20"]
[SourceQuality "1"]

1. Nf3 e6 2. g3 d5 3. Bg2 Nf6 4. 0-0 Be7 5. d4 0-0 6. b3 Nbd7 7. c4 c6 8. Qc2 b6 9. Rd1 Ba6 10. a4 Rc8 11. Ba3 Bxa3 12. Nxa3 Qe7 13. Qb2 Rfd8 14. Rdc1 c5 15. Nb5 Nb8 16. Qa3 Ne4 17. Ne5 f6 18. Nd3 Kf7 19. dxc5 Nxc5 20. cxd5 exd5 21. Nf4 d4 22. b4 Ne6 23. Qa2 g5 24. Nd5 Qd7 25. Nbc7 Bxe2 26. Qxe2 Nxc7 27. Qh5+ Kg7 28. Nxf6 Kxf6 29. Qh6+ Kf7 30. Qxh7+ Kf8 31. Qh8+ Kf7 32. Qh7+ Kf8 33. Qh8+ 1/2-1/2

[Event "Rheinland Pfalz op 3rd"]
[Site "Gau Algesheim"]
[Date "2011.08.01"]
[Round "5"]
[White "Krueger, Norbert"]
[Black "Voropaev, Gleb"]
[Result "0-1"]
[WhiteElo "2106"]
[BlackElo "2329"]
[PlyCount "62"]
[EventDate "2011.07.28"]
[EventType "swiss"]
[EventRounds "7"]
[EventCountry "GER"]
[SourceTitle "EXT 2013"]
[Source "ChessBase"]
[SourceDate "2012.11.22"]
[SourceVersion "1"]
[SourceVersionDate "2012.11.22"]
[SourceQuality "1"]

1. e4 e5 2. Nc3 Nf6 3. Bc4 Bc5 4. d3 d6 5. f4 Ng4 6. f5 Nf2 7. Qh5 d5 8. Nxd5 Nxh1 9. Nh3 c6 10. Nb6 Rf8 11. Nxa8 b5 12. Bb3 Bb7 13. Ng5 Qd4 14. Nc7+ Kd7 15. Nh3 Nf2 16. Ne6 fxe6 17. Bxe6+ Kc7 18. Ng5 h6 19. Nf3 Nxd3+ 20. cxd3 Qxd3 21. Qg4 Na6 22. a3 Rd8 23. Bd2 Kb6 24. 0-0-0 Be3 25. Bxe3+ Qxe3+ 26. Nd2 Nc5 27. Qf3 Nd3+ 28. Kc2 Qd4 29. Rb1 Ne1+ 30. Rxe1 Qxd2+ 31. Kb3 Qxe1 0-1

[Event "Rheinland Pfalz op 3rd"]
[Site "Gau Algesheim"]
[Date "2011.07.31"]
[Round "7"]
[White "Krueger, Norbert"]
[Black "Solomunovic, Igor"]
[Result "0-1"]
[WhiteElo "2106"]
[BlackElo "2388"]
[PlyCount "110"]
[EventDate "2011.07.28"]
[EventType "swiss"]
[EventRounds "7"]
[EventCountry "GER"]
[SourceTitle "EXT 2013"]
[Source "ChessBase"]
[SourceDate "2012.11.22"]
[SourceVersion "1"]
[SourceVersionDate "2012.11.22"]
[SourceQuality "1"]

1. e4 c5 2. c3 e6 3. d4 d5 4. exd5 exd5 5. Nf3 Nc6 6. Be2 Bd6 7. dxc5 Bxc5 8. Nbd2 Nf6 9. Nb3 Bb6 10. 0-0 h6 11. c4 0-0 12. cxd5 Nxd5 13. Nfd4 Nxd4 14. Nxd4 Qf6 15. Nb5 Be6 16. Bf3 Nb4 17. Nc3 Bc4 18. Be2 Rad8 19. Qa4 Bxe2 20. Nxe2 Nd3 21. Be3 Nxb2 22. Qb5 Bxe3 23. fxe3 Qb6 24. Qxb6 axb6 25. Nd4 Nc4 26. Kf2 Rfe8 27. Rfe1 Kf8 28. Rab1 Rd6 29. Rb4 Ne5 30. Rb3 Ng4+ 31. Kf3 Nxh2+ 32. Kg3 Rxd4 33. Kxh2 Rd6 34. Rc1 g6 35. Kg3 Re7 36. Rcc3 Rd2 37. a3 Re5 38. Rxb6 Rg5+ 39. Kf3 Rgxg2 40. Rxb7 h5 41. Rb1 Rdf2+ 42. Ke4 h4 43. Rcc1 Rg4+ 44. Kd5 Ra4 45. Rb4 Ra5+ 46. Kc6 g5 47. a4 Rf6+ 48. Kb7 Rg6 49. Rh1 Kg7 50. Rd4 Kh6 51. Rf1 h3 52. Rxf7 h2 53. Rf1 g4 54. Rh1 g3 55. Rc4 Rh5 0-1

[Event "Maastricht Limburg op-A 5th"]
[Site "Maastricht"]
[Date "2011.06.13"]
[Round "7"]
[White "Krueger, Norbert"]
[Black "Voicu Jagodzinsky, Carmen"]
[Result "1/2-1/2"]
[WhiteElo "2110"]
[BlackElo "2303"]
[PlyCount "38"]
[EventDate "2011.06.10"]
[EventType "swiss"]
[EventRounds "7"]
[EventCountry "NED"]
[SourceTitle "CBM 142 Extra"]
[Source "ChessBase"]
[SourceDate "2011.06.27"]
[SourceVersion "1"]
[SourceVersionDate "2011.06.27"]
[SourceQuality "1"]

1. e4 c5 2. c3 e6 3. d4 Nf6 4. e5 Nd5 5. Nf3 cxd4 6. cxd4 d6 7. Bc4 Nc6 8. 0-0 Be7 9. exd6 Qxd6 10. Nc3 a6 11. h3 b5 12. Nxd5 exd5 13. Bd3 h6 14. Be3 0-0 15. Qd2 Qf6 16. Rac1 Bd7 17. Bf4 Rac8 18. Ne5 Nxe5 19. dxe5 Qh4 1/2-1/2

[Event "Maastricht Limburg op-A 5th"]
[Site "Maastricht"]
[Date "2011.06.13"]
[Round "1"]
[White "Oosterman, Maarten Jan"]
[Black "Krueger, Norbert"]
[Result "0-1"]
[WhiteElo "2010"]
[BlackElo "2110"]
[PlyCount "66"]
[EventDate "2011.06.10"]
[EventType "swiss"]
[EventRounds "7"]
[EventCountry "NED"]
[SourceTitle "CBM 142 Extra"]
[Source "ChessBase"]
[SourceDate "2011.06.27"]
[SourceVersion "1"]
[SourceVersionDate "2011.06.27"]
[SourceQuality "1"]

1. e4 c5 2. c3 Nf6 3. e5 Nd5 4. d4 cxd4 5. Nf3 b6 6. cxd4 e6 7. Bd3 Bb7 8. 0-0 d6 9. Nc3 Nxc3 10. bxc3 Qc7 11. Bf4 Nd7 12. Rc1 Be7 13. Re1 Rc8 14. Qd2 Bxf3 15. gxf3 dxe5 16. Bxe5 Nxe5 17. dxe5 0-0 18. Qe3 Qc5 19. Qe4 g6 20. h4 Rfd8 21. Red1 Rd5 22. f4 Bxh4 23. Qe3 Qxe3 24. fxe3 Rcd8 25. Be2 Rd2 26. Kf1 Rxa2 27. Rxd8+ Bxd8 28. Rd1 Be7 29. Kf2 a5 30. Kf3 a4 31. e4 Rc2 32. f5 exf5 33. exf5 gxf5 0-1